Bude nová vojna na Blízkom východe?

V 20. storočí sa súčasné územie Jemenu v dvoch častiach - severnom a južnom - dlho vyvíjalo rozdielne. V roku 1990 sa vytvorila zjednotená Jemenská republika. V roku 1994 sa začala občianska vojna. Súčasný Jemen patrí k chudobným štátom. Povstanie zajdíjskych šiitov na severe Jemenu.

Salvato in:
Dettagli Bibliografici
Autore principale: Škvrnda, František
Natura: Capitolo di libro
Lingua:slovacco
Soggetti:
Tags: Aggiungi Tag
Nessun Tag, puoi essere il primo ad aggiungerne!!

MARC

LEADER 00000naa a2200000 4500
001 0206667
005 20240502073431.3
041 0 |a slo 
044 |a SK 
245 1 0 |a Bude nová vojna na Blízkom východe?  |c František Škvrnda 
520 |a V 20. storočí sa súčasné územie Jemenu v dvoch častiach - severnom a južnom - dlho vyvíjalo rozdielne. V roku 1990 sa vytvorila zjednotená Jemenská republika. V roku 1994 sa začala občianska vojna. Súčasný Jemen patrí k chudobným štátom. Povstanie zajdíjskych šiitov na severe Jemenu. 
610 2 0 |a politika 
610 2 0 |a politika zahraničná 
610 2 0 |a politika medzinárodná 
610 2 0 |a konflikty 
610 2 0 |a vojny 
610 2 0 |a Blízky východ 
610 2 0 |a Jemen 
610 2 0 |a Saudská Arábia 
100 1 |a Škvrnda, František